Quotable Definitions Quiz Stats

 Plays Quiz Updated Feb 15, 2013

Challenge
Share
Tweet
Embed
Score 0/20 Timer 03:00
1 Play Today
% Correct
Feminism
87.7%
Courage
84%
Fear
80.6%
Entrepreneur
79.3%
Success
75.3%
Insanity
75.2%
Goal
73.4%
Envy
72.9%
Alcohol
72.7%
Congress
64%
% Correct
Door
62.5%
Love
61.8%
Happiness
60.4%
Freedom
59.9%
Cat
54.4%
Genius
48.7%
Stupidity
46.2%
Luck
44.7%
Honesty
44.3%
Music
30.8%

You're not logged in!

Compare scores with friends on all Sporcle quizzes.
Join for Free
OR
Log In

You Might Also Like...

Show Comments

Extras

Top Quizzes Today


Score Distribution

Your Account Isn't Verified!

In order to create a playlist on Sporcle, you need to verify the email address you used during registration. Go to your Sporcle Settings to finish the process.

Report this User

Report this user for behavior that violates our Community Guidelines.

Details: